|
|
|
|
| LEADER |
00909nam a2200229 a 4500 |
| 001 |
GR-MES97 |
| 008 |
991111s gr 000 b eng d |
| 020 |
|
|
|a 0824812654
|
| 040 |
|
|
|a GrPaTEI
|b gre
|c GR-PaULI
|
| 245 |
0 |
4 |
|a The larvae of Indo-Pacific shorefishes.
|
| 260 |
|
|
|a Hawaii :
|b University of Hawaii Press,
|c c1989
|
| 300 |
|
|
|a xii,371σελ. :
|b εικ.
|
| 500 |
|
|
|a Α companion vol. to: The Larvae of Indo-Pacific Coral Reef Fishes Literature cited: σελ.344-363
|
| 650 |
|
4 |
|a Ψάρια-Λάρβα
|
| 700 |
1 |
|
|a Bruce, B.
|
| 700 |
1 |
|
|a Leis, J. M.
|
| 700 |
1 |
|
|a Trnski, T.
|
| 710 |
0 |
|
|a University of Hawaii Press
|
| 942 |
|
|
|2 ddc
|
| 952 |
|
|
|0 0
|1 0
|2 ddc
|4 0
|6 597_090000000000000_34_LEI
|7 0
|9 263367
|a MSLG
|b MSLG
|c BSC
|d 2021-01-17
|e 24
|f 0
|g 0.00
|l 0
|o 597.09 34 LEI
|p 2420000003865
|r 2021-01-17 00:00:00
|t 1
|w 2021-01-17
|y BK15
|x 19991111 0 1
|x GrPaTEI
|
| 971 |
|
|
|a .b25711386
|b 15-04-20
|c 13-09-16
|
| 999 |
|
|
|c 151587
|d 151587
|